000 00444nab a2200145Ia 4500
003 ES-SlBCS
005 20210601142732.0
008 140529s1981 xxu||||| |||| 00| 0 spa d
041 _aspa
100 1 _aRose, Noel R.
_9276454
245 0 0 _aEnfermedades por autoinmunidad
_c Noel R. Rose
650 0 4 _aMedicina
_914377
773 0 _tInvestigacion y Ciencia (Traducción de: Scientific American)
_gnº. 55, 1981, págs. 52
_wRev1650
942 _cAR
999 _c681285
_d681285